000 00414nam a2200169Ia 4500
008 221030s9999 xx 000 0 und d
020 _a08125907904
041 _aEnglish
082 _a105.23
_bLeo
100 _aA. Leon
245 0 _aIntroduction to Computers
_cby A. Leon, M. Leon
260 _bVikas Pub House
_aNew Delhi
_c2006
300 _a44.4
650 _aBE Computer
700 _aM. Leon
942 _cBK
999 _c1798
_d1798